Central Library OPAC University of Rajshahi

Alternating-current circuits / (Record no. 73190)

MARC details
000 -LEADER
fixed length control field 00920nam a2200289 a 4500
001 - CONTROL NUMBER
control field 73190
003 - CONTROL NUMBER IDENTIFIER
rucl marc code BD-RjUL
005 - DATE AND TIME OF LATEST TRANSACTION
control field 20211209082347.0
008 - FIXED-LENGTH DATA ELEMENTS--GENERAL INFORMATION
fixed length control field 170529s1942 nyu 001 0 eng c
035 ## - SYSTEM CONTROL NUMBER
System control number (BD-RjUL)73408
040 ## - CATALOGING SOURCE
Original cataloging agency NAM
Transcribing agency NAM
Modifying agency MYG
-- BD-RjUL
Language of cataloging eng
041 ## - LANGUAGE CODE
Language code of text/sound track or separate title eng
082 ## - DEWEY DECIMAL CLASSIFICATION NUMBER
Classification number 621.3133
Edition number 23
Author mark and year MOA 1942
090 ## - LOCALLY ASSIGNED LC-TYPE CALL NUMBER (OCLC); LOCAL CALL NUMBER (OCLC)
Classification number (OCLC) (R) ; Classification number, CALL (RLIN) (NR) TK1141.M68x 1942
100 1# - MAIN ENTRY--PERSONAL NAME
Personal name Morecock, Earle Monroe,
Dates associated with a name 1898-
9 (RLIN) 216500
245 10 - TITLE STATEMENT
Title Alternating-current circuits /
Statement of responsibility, etc. Earle M. Morecock.
260 ## - PUBLICATION, DISTRIBUTION, ETC. (IMPRINT)
Place of publication, distribution, etc. London :
Name of publisher, distributor, etc. Harper & brothers,
Date of publication, distribution, etc. 1942
300 ## - PHYSICAL DESCRIPTION
Pagination xii, 173 p. :
Illustrations ill. ;
Size 24 cm.
490 1# - SERIES STATEMENT
Series statement Rochester technical series
500 ## - GENERAL NOTE
General note "First edition."
General note "Answers": p. 167-172.
650 #0 - SUBJECT ADDED ENTRY--TOPICAL TERM
Topical term or geographic name as entry element Electric currents, Alternating.
9 (RLIN) 216501
Topical term or geographic name as entry element Electric circuits.
9 (RLIN) 216502
710 2# - ADDED ENTRY--CORPORATE NAME
Corporate name or jurisdiction name as entry element Rochester Athenaeum and Mechanics Institute.
9 (RLIN) 216503
830 #0 - SERIES ADDED ENTRY--UNIFORM TITLE
Uniform title Rochester technical series.
942 ## - ADDED ENTRY ELEMENTS (KOHA)
Source of classification or shelving scheme Dewey Decimal Classification
Koha item type Books
Holdings
Lost status Source of classification or shelving scheme Damaged status Not for loan Collection code Permanent Location Current Location Shelving location Date acquired Source of acquisition Cost, normal purchase price Total Checkouts Full call number Date last seen Copy number Koha item type
  Dewey Decimal Classification   Not For Loan Non-fiction Central Library, University of Rajshahi Central Library, University of Rajshahi Reading Room 03/01/1959 Magnaw ill book 31.50   621.3133 MOA 1942 29/05/2017 C-1 Books